Ingeniería ecológica: efecto del uso de microorganismo de montaña sobre el suelo con base en dos cultivos agrícolas
Guardat en:
| Autor principal: | |
|---|---|
| Format: | Llibre |
| Idioma: | Spanish |
| Publicat: |
[San José], Costa Rica
2017
|
| Matèries: | |
| Etiquetes: |
Afegir etiqueta
Sense etiquetes, Sigues el primer a etiquetar aquest registre!
|
MARC
| LEADER | 00000nam a22000007a 4500 | ||
|---|---|---|---|
| 003 | 012613 | ||
| 005 | 20221231144216.0 | ||
| 008 | 170530b2017 cr a|||| |m|| 00| ||spa d | ||
| 040 | |c cru CEDI | ||
| 090 | |a TFG 7764 | ||
| 100 | |9 8609 |a Umaña Carmona, Steven | ||
| 245 | |a Ingeniería ecológica: efecto del uso de microorganismo de montaña sobre el suelo con base en dos cultivos agrícolas | ||
| 260 | |a [San José], Costa Rica |c 2017 | ||
| 300 | |a ix,44 hojas ; ilustraciones a color | ||
| 500 | |a Proyecto de graduación (licenciatura en ingeniería agrícola)--Universidad de Costa Rica. Facultad de Ingeniería. Escuela de Ingeniería de Biosistemas | ||
| 650 | |x MICROORGANISMOS |x BIOFERTILIZANTES |x AGRICULTURA ORGANICA - COSTA RICA |x AGRICULTURA SOSTENIBLE - COSTA RICA |x AGRICULTURA ORGANICA |9 8610 | ||
| 942 | |c TFG | ||
| 999 | |c 18463 |d 18463 | ||
